Kautilyanomics: for modern times
Kautilyanomics for Modern Times by Sriram Balasubramanian explores India’s ancient economic thought through the ideas of Kautilya. It explains the historical roots of India’s economic prosperity and analyzes Kautilya’s principles within a modern context. The book highlights concepts like state-marke...
Na minha lista:
| Autor principal: | |
|---|---|
| Formato: | Livro |
| Idioma: | inglês |
| Publicado em: |
New Delhi:
Bloomsbury Publishing,
2022
|
| Assuntos: | |
| Tags: |
Sem tags, seja o primeiro a adicionar uma tag!
|
MARC
| LEADER | 00000nam a22000007a 4500 | ||
|---|---|---|---|
| 003 | OSt | ||
| 005 | 20260520110724.0 | ||
| 008 | 260520b |||||||| |||| 00| 0 eng d | ||
| 020 | |a 9789354350368 | ||
| 040 | |c UoB MEC Library | ||
| 082 | |a 300 |b BAL | ||
| 100 | |a Balasubramanian, Sriram | ||
| 245 | |a Kautilyanomics: |b for modern times | ||
| 260 | |a New Delhi: |b Bloomsbury Publishing, |c 2022 | ||
| 300 | |a xxvii, 266p. | ||
| 520 | |a Kautilyanomics for Modern Times by Sriram Balasubramanian explores India’s ancient economic thought through the ideas of Kautilya. It explains the historical roots of India’s economic prosperity and analyzes Kautilya’s principles within a modern context. The book highlights concepts like state-market relations, global outlook, and sustainable development through “dharmic capitalism.” It presents these ideas in a simple and accessible manner for general readers. It also emphasizes the relevance of India’s economic heritage in shaping contemporary growth and policy. | ||
| 650 | |a Economics | ||
| 650 | |a Sustainable growth | ||
| 650 | |a Dharmic capitalism | ||
| 650 | |a Kautilyan economic thinking | ||
| 942 | |2 ddc |c BK |n 0 | ||
| 999 | |c 134 |d 134 | ||
| 952 | |0 0 |1 0 |2 ddc |4 0 |7 0 |a BRISTOL |b BRISTOL |d 2026-05-20 |e Krishna Books |g 599.00 |l 0 |p D000000 |r 2026-05-20 11:00:09 |v 599.00 |w 2026-05-20 |y BK | ||